000 00695nam a22001935i 4500
001 170272
003 ES-MaACL
005 20240514102127.0
008 090218s1905 fr |||| | fre d
080 _a821.133.1-2"19"
100 1 _aMéténier, Oscar.
_9139473
245 1 0 _aMlle. Fifi
_b: drame en un acte /
_cOscar Méténier ; tiré de la nouvelle de Guy de Maupassant.
250 _aNouvelle édition.
260 _aParis :
_bSociété d'Éditions Littéraires et Artistiques,
_c1905.
300 _a37 p. ;
_c19 cm.
700 1 _aMaupassant, Guy de,
_d1850-1893
_979214
852 _aES-MaACL
_j2248-F-10
_9R.140944
_z.- Biblioteca Jacinto Martínez Lacalle
999 _c170272
_d170272